000 00860nam a2200277Ia 4500
003 OSt
005 20220925221957.0
006 a|||||r|||| 00| 0
007 ta
008 220923b |||||||| |||| 00| 0 eng d
020 _a0 19 827220 0
037 _cGeneral Book
040 _aRTL
_cRTL
_beng
041 _2eng
_aeng
082 _aY4, L4/TD
100 _aGoldthorpe John H
_9137950
245 0 _aSocial grading of occupations
_b A new approach and scale
260 _aLondon
_bOxford University Press
_c1974
300 _aviii, 188p.
_ccm.
490 _aOxford Studies in Social Mobility
500 _aBibliography: P 186-188; Appendix: P 144-85
650 _aOccupational Sociology
_9230967
700 _a Hope Keith
_9278511
942 _hY4, L4/TD
_cGB
_2CC
999 _c575808
_d575808